Statistics for Kansas City Int'l Airport Destinations (MCI)

Click here to take the quiz!

General Stats

  • This quiz has been taken 281 times
    (146 since last reset)
  • The average score is 46 of 53

Answer Stats

HintAirlinesAnswer% Correct
TexasAmericanDallas/Fort Worth
99%
TexasSouthwestDallas Love
99%
North CarolinaAmericanCharlotte
98%
ColoradoUnited, Southwest, FrontierDenver
98%
MassachusettsDelta, Southwest, JetBlueBoston
97%
IllinoisSouthwestChicago Midway
97%
IllinoisAmerican, UnitedChicago O'Hare
97%
MichiganDelta, SpiritDetroit
97%
TexasUnitedHouston Bush
97%
TexasSouthwestHouston Hobby
97%
FloridaAmerican, SouthwestMiami
97%
GeorgiaDelta, SouthwestAtlanta
96%
TexasAmerican, SouthwestAustin
96%
ArizonaAllegiantMesa
96%
ArizonaAmerican, SouthwestPhoenix
96%
MarylandSouthwestBaltimore
95%
New YorkAmerican, Delta, SouthwestNew York (LaGuardia)
95%
WashingtonDelta, Southwest, AlaskaSeattle
95%
FloridaSouthwest, SpiritTampa
95%
New MexicoSouthwestAlbuquerque
94%
NevadaSouthwest, SpiritLas Vegas
94%
FloridaSouthwest, Spirit, FrontierOrlando
94%
OregonSouthwest, AlaskaPortland
94%
UtahDeltaSalt Lake City
94%
FloridaAllegiantSanford
94%
DCUnitedWashington Dulles
94%
DCAmerican, SouthwestWashington National
94%
MexicoAmerican, Southwest, FrontierCancun
93%
CaliforniaDelta, Southwest, SpiritLos Angeles
93%
MinnesotaDeltaMinneapolis
92%
TennesseeSouthwestNashville
92%
South CarolinaSouthwestCharleston
91%
LouisianaSouthwestNew Orleans
91%
CaliforniaSouthwestSan Diego
91%
MissouriSouthwestSt. Louis
91%
New YorkJetBlueNew York (JFK)
89%
PennsylvaniaAmerican, FrontierPhiladelphia
89%
TexasSouthwestSan Antonio
89%
CaliforniaUnitedSan Francisco
89%
CanadaAir CanadaToronto
89%
IndianaSouthwestIndianapolis
88%
WisconsinSouthwestMilwaukee
88%
FloridaSouthwest, SpiritFort Lauderdale
83%
FloridaSouthwest, SpiritFort Myers
74%
CaliforniaSouthwestOakland
73%
South CarolinaSouthwest, SpiritMyrtle Beach
69%
FloridaSouthwest, SpiritPensacola
63%
FloridaAllegiantSt. Petersburg
59%
FloridaSouthwest, AllegiantFort Walton Beach
58%
FloridaSouthwestSarasota
56%
FloridaSouthwestPanama City
51%
CaliforniaSouthwestOrange County
49%
FloridaAllegiantPunta Gorda
37%

Score Distribution

Percentile by Number Answered

Percent of People with Each Score

Your Score History

You have not taken this quiz since the last reset